Open Data Biblioteca Nacional de Portugal


República Portuguesa: Ministério da Cultura
Biblioteca Nacional de Portugal

Catálogo da BNP: acesso por Identificadores Unívocos
Registos Bibliográficos associados ao registo de autoridade

Etiqueta de registo: 00000nkm 2200025 450
001 2265898
003 http://id.bnportugal.gov.pt/bib/catbnp/2265898
100 ## $a20260212d1984 m y0pory01030103ba
101 0# $apor
102 ## $aPT
200 1# $a1ªs jornadas luso-brasileiras do património, Fundação Calouste Gulbenkian, Lisboa, 12 a 16 de março de 1984$bVisual gráfico]$fDepartamento de Arquitectura da Escola Superior de Belas-Artes de Lisboa $gmaquete: Luís Filipe de Abreu
210 #9 $aLisboa$cEscola Superior de Belas-Artes,$d1984$eLisboa :$gOfic. Gráf. do Grupo Pão de Açúcar )
215 ## $a1 cartaz$ccolor.$d60,5x41,3cm
317 ## $aColeção Madeira Luís
675 ## $a766(=1:469)"198"(084.5)$vBN$zpor$31302430
702 #1 $aAbreu,$bLuís Filipe de,$f1935-$4410$31732
710 02 $aEscola Superior de Belas-Artes de Lisboa.$bDepartamento de Arquitectura$3826882
801 #0 $aPT$bBN$gRPC
966 ## $lBN$mICONOG$sCT. 20865 A.$x3
971 ## $cCaticonografia1$d20260212
972 ## $d20260529$e2$vtoliveira$z0
995 ## $aPRR2026 $d20260212$iCaticonografia1

OpendataBNP@bnportugal.pt | Mais informação sobre acesso aos dados BNP